[Event "Petrov mem"]
[Site "St Petersburg"]
[Date "1996.??.??"]
[Round "8"]
[White "Aseev, Konstantin N"]
[Black "Tunik, Gennady"]
[Result "0-1"]
[WhiteElo "2530"]
[BlackElo "2475"]

1.d4 Nf6 2.c4 e6 3.Nf3 b6 4.Nc3 Bb4 5.Bg5 Bb7 6.e3 h6 7.Bh4 g5 8.Bg3 Ne4
9.Qc2 Bxc3+ 10.bxc3 Nxg3 11.fxg3 g4 12.Nh4 Qg5 13.Qf2 Nc6 14.Bd3 f5 15.e4 fxe4
16.O-O exd3 17.Qf7+ Kd8 18.Ng6 Kc8 19.Nxh8 Ba6 20.Qf4 Qa5 21.Nf7 Qxc3 22.Nxh6 Qxc4
23.Nxg4 Kb7 24.Ne5 Qxd4+ 25.Qxd4 Nxd4 26.Rad1 Ne2+ 27.Kf2 Nc3 28.Nxd3 Nxd1+
29.Rxd1 Rf8+ 30.Ke3 Rg8 31.Nf4 d6 32.h4 e5 33.Nh5 Bc4 34.Rd2 Bf7 35.Nf6 Rxg3+
36.Kf2 Rg6 37.Ne4 Rg4 38.Ng5 Rxh4 39.Kg3 Rf4 40.Nxf7 Rxf7 41.Kh4 e4  0-1

[Event "Rudenko mem"]
[Site "St Petersburg"]
[Date "1996.??.??"]
[Round "9"]
[White "Gubernatorova, L."]
[Black "Roschina, Tatiana"]
[Result "1/2-1/2"]
[WhiteElo "2190"]
[BlackElo "2315"]

1.d4 Nf6 2.c4 e6 3.Nf3 b6 4.Nc3 Bb4 5.Bg5 h6 6.Bh4 Bxc3+ 7.bxc3 Bb7 8.Nd2 g5
9.Bg3 d6 10.f3 Nbd7 11.e4 Qe7 12.Qa4 Nh5 13.Bf2 f5 14.c5 dxc5 15.dxc5 c6
16.Qb3 Bc8 17.cxb6 axb6 18.a4 b5 19.a5 O-O 20.exf5 Ndf6 21.Ne4 Nxe4 22.fxe4 Rf7
23.Qb4 exf5 24.O-O-O Qxb4 25.cxb4 fxe4 26.Rd8+ Rf8 27.Rxf8+ Kxf8 28.h4 g4
29.g3 e3 30.Bxe3 Nxg3 31.Bxh6+ Kg8 32.Rg1 Nxf1 33.Rxf1 c5 34.bxc5 Rxa5 35.Rf8+ Kh7
36.Rxc8 Kxh6 37.c6 Ra6 38.c7 Rc6+ 39.Kb2 Kg7 40.h5 g3 41.h6+ Kh7 42.Re8 g2
43.Re1 Rxc7 44.Rg1 Kxh6 45.Rxg2 Rc4 46.Kb3  1/2-1/2

[Event "RUS-Cup1 Chigorin mem"]
[Site "St Petersburg"]
[Date "1996.??.??"]
[Round "9"]
[White "Aseev, Konstantin N"]
[Black "Brodsky, Michail"]
[Result "0-1"]
[WhiteElo "2560"]
[BlackElo "2510"]

1.d4 Nf6 2.c4 e6 3.Nf3 b6 4.Nc3 Bb4 5.Bg5 Bb7 6.e3 h6 7.Bh4 Bxc3+ 8.bxc3 d6
9.Nd2 Nbd7 10.f3 Qe7 11.e4 g5 12.Bf2 Nh5 13.Qa4 O-O 14.O-O-O f5 15.exf5 exf5
16.g3 a6 17.Bd3 Rad8 18.Rhe1 Qf6 19.Re2 Ng7 20.Rde1 Rf7 21.Qb3 c5 22.Bb1 Rc8
23.Kd1 Rb8 24.d5 Qd8 25.h4 b5 26.cxb5 axb5 27.hxg5 hxg5 28.Rh1 Nf6 29.Bg1 Bxd5
30.Qc2 Re7 31.Reh2 Kf7 32.g4 Qc8 33.Bf2 Qc6 34.Rh3 Rbe8 35.Qxf5 Re2 36.Rf1 Bc4
37.Ne4 R8xe4  0-1

[Event "SUI-chT"]
[Site "SUI"]
[Date "1996.??.??"]
[Round "4"]
[White "Huss, Andreas"]
[Black "Atlas, Valeri"]
[Result "1/2-1/2"]
[WhiteElo "2365"]
[BlackElo "2470"]

1.d4 Nf6 2.Nf3 e6 3.c4 b6 4.Nc3 Bb7 5.a3 g6 6.Bg5 Bg7 7.Qc2 h6 8.Bh4 Bxf3
9.gxf3 Nc6 10.O-O-O Ne7 11.f4 Nf5 12.Bg3 d5 13.cxd5 exd5 14.Bh3 Nxg3 15.Qa4+ Kf8
16.hxg3 Qe8 17.Qxe8+ Rxe8 18.e3 c6 19.Kb1 h5 20.Rc1 Ke7 21.Rc2 Nd7 22.Na2 c5
23.Bxd7 Kxd7 24.dxc5 Rc8 25.cxb6 Rxc2 26.Kxc2 Rc8+ 27.Kb3 Rb8 28.Nb4 Rxb6
29.Kc2 a5 30.Nd3 Rc6+ 31.Kd2 Ke6 32.Rc1 Rxc1 33.Kxc1 f6 34.Nc5+ Kf5 35.f3 g5
36.Kd2 Bf8 37.Nb3 gxf4 38.Nd4+ Ke5 39.gxf4+ Kd6 40.Ke2 Kd7 41.f5 Bd6 42.f4 a4
43.Nb5 Kc6 44.Nc3 d4 45.exd4 Bxf4 46.Kf3 Bc1 47.Nxa4 Kd5 48.Nc3+ Kc4 49.a4 Bxb2
50.Ne2 Kb4 51.d5 Be5 52.Nf4 Kxa4 53.Nxh5 Kb5 54.Ke4 Kc5 55.Ng7 Kd6 56.Ne6 Bb2
57.Nd4 Ba1 58.Nc2 Be5 59.Ne3 Kc5 60.Ng4 Bb2 61.Nf2 Kd6 62.Nd1 Be5 63.Ne3 Kc5
64.Ng2 Bg3 65.Kf3 Be5 66.Ke4  1/2-1/2

[Event "SUI-chT"]
[Site "SUI"]
[Date "1996.??.??"]
[Round "6"]
[White "Klauser, Markus"]
[Black "Kaenel, Hansjuerg"]
[Result "1/2-1/2"]
[WhiteElo "2375"]
[BlackElo "2405"]

1.d4 Nf6 2.Nf3 e6 3.c4 b6 4.Nc3 Bb7 5.a3 d5 6.cxd5 Nxd5 7.Qc2 Be7 8.e4 Nxc3
9.bxc3 O-O 10.Bd3 c5 11.O-O Qc7 12.Qe2 Nd7 13.Rd1 Rfd8 14.Bg5 Bxg5 15.Nxg5 h6
16.Nf3 Rac8 17.h3 cxd4 18.cxd4 Qc3 19.Qe3 Qa5 20.Qf4 Ba6 21.Bxa6 Qxa6 22.d5 exd5
23.exd5 Rc4 24.Qe3 Qc8 25.Rac1 Rxc1 26.Rxc1 Nc5 27.Rd1 Qf5 28.d6 Qe4 29.Qc3 Qe6
30.Qe5  1/2-1/2

[Event "SVK-chT9596"]
[Site "?"]
[Date "1996.??.??"]
[Round "6"]
[White "Ruckschloss, Karol"]
[Black "Zamecnik, Frantisek"]
[Result "1-0"]
[WhiteElo "2240"]
[BlackElo "2290"]

1.c4 Nf6 2.d4 e6 3.Nf3 b6 4.Nc3 Bb7 5.e3 d5 6.cxd5 exd5 7.Ne5 Bd6 8.Bb5+ c6
9.Bd3 O-O 10.O-O Nbd7 11.f4 Rc8 12.Qf3 Qe7 13.Bd2 c5 14.Be1 Bb8 15.Bh4 cxd4
16.Nxd7 dxc3 17.Bxf6  1-0

[Event "SVK-chT9596"]
[Site "?"]
[Date "1996.??.??"]
[Round "14"]
[White "Husek, Zdenek"]
[Black "Mrva, Vladimir"]
[Result "1/2-1/2"]
[WhiteElo "2265"]
[BlackElo "2310"]

1.d4 Nf6 2.c4 e6 3.Nf3 b6 4.Nc3 Bb7 5.Bg5 Be7 6.e3 Ne4 7.Bxe7 Qxe7 8.Bd3 Nxc3
9.bxc3 d5 10.O-O O-O 11.Ne5 Nd7 12.Nxd7 Qxd7  1/2-1/2

[Event "SWE-chT 9596"]
[Site "?"]
[Date "1996.??.??"]
[Round "?"]
[White "Ljungberg, Rune"]
[Black "Lindberg, Bengt"]
[Result "1/2-1/2"]
[WhiteElo "2160"]
[BlackElo "2355"]

1.Nf3 Nf6 2.d4 e6 3.c4 b6 4.Nc3 Bb4 5.Qb3 c5 6.e3 O-O 7.Be2 d5 8.cxd5 exd5
9.O-O Nc6 10.Rd1 c4 11.Qc2 Re8 12.Ne5 Nxe5 13.dxe5 Rxe5 14.Bxc4 Qc7 15.Be2 Bg4
16.Bxg4 Nxg4 17.h3 Nf6 18.Bd2 Ree8 19.Qb3 Bf8 20.Nxd5 Nxd5 21.Qxd5 Rad8 22.Qf3 Qc4
23.Bc3 b5 24.Rd4 Rxd4 25.Bxd4 a5 26.a3 Rc8 27.Qd1 Qc2 28.Qxc2 Rxc2 29.Bc3 f6
30.Kf1 b4 31.axb4 Bxb4 32.Bd4 Kf7 33.Bb6 Rxb2 34.Bxa5 Bxa5 35.Rxa5 h6 36.g3  1/2-1/2

[Event "EST-ch (Women)"]
[Site "Tallinn"]
[Date "1996.??.??"]
[Round "5"]
[White "Paidla, Kaja J"]
[Black "Tsiganova, Monika"]
[Result "1-0"]
[WhiteElo "2090"]
[BlackElo "2280"]

1.d4 Nf6 2.c4 e6 3.Nf3 b6 4.Nc3 Bb4 5.a3 Bxc3+ 6.bxc3 O-O 7.Bg5 Bb7 8.e3 d6
9.Be2 Nbd7 10.O-O Qe8 11.Nd2 e5 12.Bf3 e4 13.Be2 h6 14.Bf4 Nh7 15.Qb3 Rb8
16.h3 Kh8 17.Qa4 a6 18.Rab1 f5 19.c5 b5 20.Qd1 g5 21.Bh2 f4 22.Bh5 Qe7 23.cxd6 cxd6
24.a4 Rbc8 25.axb5 Rxc3 26.Rb3 Rcc8 27.Qa1 Bd5 28.bxa6 Bxb3 29.d5+ Ne5 30.Nxb3 Nf6
31.Bg4 Nfxg4 32.hxg4 Kg8 33.Nd4 Nxg4 34.Ne6 Qf7 35.exf4 e3 36.fxe3 Nxe3 37.Rf3 Qa7
38.Kh1 Nc2 39.Qb2 Ne1 40.Rb3 Rf7 41.Rb7 Nd3 42.Rxa7 Nxb2 43.Rxf7 Kxf7 44.fxg5 Nd3
45.Bxd6 Nf2+ 46.Kg1 Ne4 47.Be5 hxg5 48.Nc7 Nc5 49.a7 Nd7 50.Bd4 Ke7 51.a8=Q Rxa8
52.Nxa8 Kd6 53.Nb6 Nf8 54.Kf2 Ng6 55.g3 Ne7 56.Kf3 Nf5 57.Bf2 Ke5 58.g4 Ng7
59.Bg3+ Kf6 60.Ke4  1-0

[Event "Tel Aviv ASA"]
[Site "Tel Aviv"]
[Date "1996.??.??"]
[Round "7"]
[White "Botvinnik, Ilia"]
[Black "Kogan, Artur"]
[Result "0-1"]
[WhiteElo "2350"]
[BlackElo "2475"]

1.d4 Nf6 2.Nf3 e6 3.c4 b6 4.Nc3 Bb4 5.Qb3 a5 6.g3 Nc6 7.Bg2 a4 8.Qc2 Ba6
9.O-O Bxc4 10.Nxa4 Bd5 11.Be3 Be4 12.Qd1 Nd5 13.a3 Be7 14.Rc1 O-O 15.Nc3 Nxe3
16.fxe3 Bg6 17.Nb5 Bg5 18.Rc3 Bh6 19.Nh4 Bh5 20.Bf3 Qg5 21.a4 Rfc8 22.Ng2 g6
23.Nf4 Bxf3 24.exf3 Qd8 25.Ng2 Nb4 26.b3 d5 27.Qd2 Bf8 28.Rfc1 c6 29.Na3 b5
30.Rb1 bxa4 31.bxa4 Rxa4 32.Ne1 Qa5 33.Rbb3 Ra8 34.Qb2 c5 35.dxc5 Bg7 36.Nac2 Ra2
37.Qc1 Bxc3  0-1

[Event "Czerniak mem"]
[Site "Tel Aviv"]
[Date "1996.??.??"]
[Round "10"]
[White "Bykhovsky, Avigdor"]
[Black "Krays, Alexander"]
[Result "1/2-1/2"]
[WhiteElo "2405"]
[BlackElo "2440"]

1.d4 Nf6 2.c4 e6 3.Nf3 b6 4.Nc3 Bb4 5.Qc2 Bb7 6.a3 Bxc3+ 7.Qxc3 d6 8.e3 Nbd7
9.Be2 Ne4 10.Qc2 Ng5 11.Qd1 Be4 12.O-O Nxf3+ 13.Bxf3 Bxf3 14.Qxf3 O-O 15.e4 e5
16.Be3 Qf6 17.Qxf6 Nxf6 18.f3 a5 19.Rfd1 a4 20.dxe5 dxe5 21.Rd2 Rfd8 22.Rad1 Rxd2
23.Rxd2 h6 24.c5 b5 25.c6 Ra6 26.Rd8+ Kh7 27.Rb8 Rxc6 28.Rxb5 Nd7 29.Ra5 Nb6
30.Rxe5 Nc4 31.Rc5 Rxc5 32.Bxc5 Nxb2 33.Kf1 Nd3 34.Be3 Kg6 35.Ke2 Ne5 36.Bd4 Nc4
37.Bc5 Kf6 38.Kd3 Ne5+ 39.Kc3 Ke6 40.Bd4 g5 41.Bf2 f5 42.exf5+ Kxf5 43.Be3 h5
44.Kd4 Ng6 45.Kc5 Nf4 46.Bxf4 Kxf4 47.Kb5 Ke3 48.Kxa4 c5 49.Kb3 Kd3 50.Kb2  1/2-1/2

[Event "CRO-chT"]
[Site "Tucepi"]
[Date "1996.??.??"]
[Round "?"]
[White "Pinter, Jozsef"]
[Black "Palac, Mladen"]
[Result "1/2-1/2"]
[WhiteElo "2560"]
[BlackElo "2545"]

1.d4 Nf6 2.c4 e6 3.Nf3 b6 4.Nc3 Bb7 5.a3 d5 6.Qc2 dxc4 7.e4 c5 8.d5 exd5
9.exd5 Bd6 10.Bg5 O-O 11.O-O-O Nbd7 12.Bxc4 Qb8 13.Ne4 Bf4+ 14.Kb1 Nxe4 15.Qxe4 Bxg5
16.Nxg5 Nf6 17.Qh4 h6 18.Ne4 Nxe4 19.Qxe4 Re8 20.Qf3 Qd6 21.Rhe1 a6 22.a4 Rxe1
23.Rxe1 b5 24.axb5 axb5 25.Bxb5 Bxd5 26.Qd3 c4 27.Bxc4 Qb4 28.Rc1 Rb8 29.b3 Bxc4
30.Rxc4 Qa3 31.Rc3 Ra8 32.Qf3 Qa2+ 33.Kc1 Re8 34.Re3 Rc8+ 35.Rc3 Re8  1/2-1/2

[Event "CRO-chT"]
[Site "Tucepi"]
[Date "1996.??.??"]
[Round "?"]
[White "Shariyazdanov, Andrey"]
[Black "Dizdarevic, Emir"]
[Result "1/2-1/2"]
[WhiteElo "2480"]
[BlackElo "2495"]

1.d4 Nf6 2.c4 e6 3.Nf3 b6 4.Nc3 Bb4 5.Bg5 Bb7 6.e3 Bxc3+ 7.bxc3 Qe7 8.Bd3 d6
9.O-O Nbd7 10.Nd2 h6 11.Bh4 g5 12.Bg3 h5 13.f3 h4 14.Bf2 Nh5 15.Re1 f5 16.e4 f4
17.a4 e5 18.a5 c5 19.h3 Kf7 20.Nb3 Ng7 21.Re2 Ne6 22.Rea2 Rab8 23.axb6 axb6
24.Ra7 Rhc8 25.R1a2 Nf6 26.Qa1 Rc7 27.Nd2  1/2-1/2

[Event "CZE-ch"]
[Site "Turnov"]
[Date "1996.??.??"]
[Round "9"]
[White "Vokac, Marek"]
[Black "Votava, Jan"]
[Result "0-1"]
[WhiteElo "2455"]
[BlackElo "2540"]

1.d4 Nf6 2.c4 e6 3.Nf3 b6 4.Nc3 Bb7 5.Bg5 h6 6.Bh4 Be7 7.e3 O-O 8.Bd3 c5
9.O-O d6 10.Qe2 Nbd7 11.Rad1 a6 12.Bb1 Rc8 13.Rfe1 Re8 14.Bg3 Nh5 15.Qc2 Nf8
16.d5 e5 17.Qe2 g6 18.h3 Nxg3 19.fxg3 Bf6 20.Rf1 Bg7 21.g4 Rc7 22.Be4 Bc8
23.Nh2 Nh7 24.Rf2 Rf8 25.Rdf1 Rb7 26.a4 Bd7 27.Qc2 Be8 28.Bd3 Qe7 29.Rb1 Kh8
30.Nf1 Bd7 31.Ng3 e4 32.Bxe4 Be5 33.Nf1 b5 34.axb5 axb5 35.cxb5 Bxb5 36.Nxb5 Rxb5
37.Nd2 Nf6 38.b3 Rb4 39.Bf3 Nd7 40.Rbf1 Kg7 41.Nc4 Bg3 42.Re2 Ra8 43.Be4 Ne5
44.Nd2 Qb7 45.Bd3 Ra7 46.Bc4 Nxc4 47.Nxc4 Rxb3 48.e4 Qb4 49.Nd2 Rb2 50.Qd3 Ra3
51.Qc4 Rc3 52.Qa6 Qd4+ 53.Kh1 Rxd2 54.Qa7 Rf3 55.Ree1 Rxf1+ 56.Rxf1 Rf2 57.Re1 Rxg2  0-1

[Event "CZE-ch (Women)"]
[Site "Usti nad Labem"]
[Date "1996.??.??"]
[Round "8"]
[White "Cedikova, Katerina"]
[Black "Molnarova, D."]
[Result "1-0"]
[WhiteElo "1800"]
[BlackElo "1740"]

1.d4 Nf6 2.c4 e6 3.Nf3 b6 4.Nc3 Bb7 5.e3 d5 6.Bd3 Be7 7.O-O O-O 8.b3 Nc6
9.Bb2 h6 10.Rc1 a6 11.Qd2 Qd7 12.Rfd1 Rfd8 13.Ne5 Qe8 14.Nxc6 Qxc6 15.cxd5 Nxd5
16.Nxd5 Qxd5 17.e4 Qd6 18.f3 Rdc8 19.Kh1 a5 20.a4 Rd8 21.Bc4 Rac8 22.Qe1 Qf4
23.Qe2 Bb4 24.Rc2 Rd7 25.Bc1 Qf6 26.Be3 Qd8 27.Rcc1 Ba3 28.Rc2 Bb4 29.Rcc1 Ba3
30.Rb1 Rd6 31.Rd3 Qe7 32.Rbd1 Rcd8 33.Kg1 R6d7 34.Qc2 Bb4 35.Bb5 Rd6 36.Bf4 Rxd4
37.Rxd4 Rxd4 38.Rxd4 Bc5 39.Be3 Bxd4 40.Bxd4 Qb4 41.Qd1 c6 42.Be2  1-0

[Event "Vantaa We op4"]
[Site "Vantaa"]
[Date "1996.??.??"]
[Round "3"]
[White "Kanko, Ilkka"]
[Black "Sammalvuo, Tapani"]
[Result "1-0"]
[WhiteElo "2295"]
[BlackElo "2325"]

1.d4 Nf6 2.c4 e6 3.Nf3 b6 4.Nc3 Bb4 5.Qb3 Qe7 6.a3 Bxc3+ 7.Qxc3 Bb7 8.e3 O-O
9.Be2 d6 10.b4 Nbd7 11.O-O Ne4 12.Qc2 f5 13.Ne1 a5 14.f3 Ng5 15.Bb2 e5 16.c5 Bd5
17.c6 Nf6 18.dxe5 dxe5 19.Qxf5 Nfe4 20.Qxe5 Qxe5 21.Bxe5 Nd2 22.Rf2  1-0

[Event "Vantaa We op4"]
[Site "Vantaa"]
[Date "1996.??.??"]
[Round "5"]
[White "Kanko, Ilkka"]
[Black "Keskisarja, Teemu"]
[Result "1/2-1/2"]
[WhiteElo "2295"]
[BlackElo "2255"]

1.d4 e6 2.Nf3 Nf6 3.c4 b6 4.Nc3 Bb7 5.a3 g6 6.d5 Bg7 7.e4 exd5 8.cxd5 O-O
9.Be2 c6 10.O-O Re8 11.d6 Nxe4 12.Nxe4 Rxe4 13.Ne1 Rd4 14.Qb3 Qf8 15.Be3 Rxd6  1/2-1/2

[Event "Carl Schlechter mem"]
[Site "Vienna"]
[Date "1996.??.??"]
[Round "3"]
[White "Zetthofer, Gerald"]
[Black "Miniboeck, Guenter"]
[Result "1/2-1/2"]
[WhiteElo "2215"]
[BlackElo "2355"]

1.d4 Nf6 2.Nf3 e6 3.c4 b6 4.Nc3 Bb7 5.Bg5 h6 6.Bh4 g5 7.Bg3 Nh5 8.e4 Nxg3
9.hxg3 Bg7 10.Rc1 g4 11.Ng1 h5 12.Nge2 Nc6 13.d5 Ne5 14.Nf4 h4 15.Be2 hxg3
16.Rxh8+ Bxh8 17.fxg3 a6 18.Qd2 Qe7 19.Na4 Rd8 20.c5 b5 21.d6 cxd6 22.cxd6 Qf6
23.Nc5  1/2-1/2

[Event "Vienna op-B"]
[Site "Vienna"]
[Date "1996.??.??"]
[Round "4"]
[White "Kummer, Helmut"]
[Black "Schein, Karl Heinz"]
[Result "1-0"]
[WhiteElo "2300"]
[BlackElo "2220"]

1.d4 Nf6 2.c4 e6 3.Nf3 b6 4.Nc3 Bb4 5.Bg5 Bb7 6.e3 Bxc3+ 7.bxc3 d6 8.Qa4+ Bc6
9.Qc2 Nbd7 10.Bd3 h6 11.Bh4 Bb7 12.e4 e5 13.O-O c5 14.Rfe1 Qe7 15.Qd1 O-O-O
16.d5 g5 17.Bg3 Rdg8 18.Bc2 Nf8 19.Ba4 Ng6 20.Rb1 h5 21.h4 Nh7 22.Bc6 Nxh4
23.Qa4 Nxf3+ 24.gxf3 Kb8 25.Rb3 Bxc6 26.dxc6 Qc7 27.Reb1 Rc8 28.Qa6 Qxc6
29.Rxb6+ axb6 30.Rxb6+ Qxb6 31.Qxb6+ Ka8 32.Qa5+ Kb7 33.Qb5+ Ka7 34.Bxe5 Rhd8
35.a4 f6 36.Bh2 Nf8 37.a5 Nd7 38.Bxd6 Ra8  1-0

[Event "Vienna op-B"]
[Site "Vienna"]
[Date "1996.??.??"]
[Round "7"]
[White "Vucic, Mladen"]
[Black "Titz, Heimo"]
[Result "1/2-1/2"]
[WhiteElo "2390"]
[BlackElo "2325"]

1.d4 Nf6 2.Nf3 e6 3.c4 b6 4.Nc3 Bb4 5.Bg5 Bb7 6.e3 h6 7.Bh4 Bxc3+ 8.bxc3 d6
9.Nd2 Nbd7 10.f3 O-O 11.Bd3 Re8 12.O-O e5 13.Ne4 g5 14.Nxf6+ Nxf6 15.Bf2 e4
16.Bc2 Bc8 17.Bg3 Bf5 18.f4 Bg6 19.Ba4 Rf8 20.Bc6 Rb8 21.Qa4 a5 22.Qb5 Nh5
23.f5 Nxg3 24.hxg3 Bh7 25.g4 Qe7 26.Qd5 Kh8 27.Kf2 f6 28.Rh1 Kg7 29.Rh3 Bg8
30.Qb5 Bf7 31.Rah1 Rh8 32.Rb1 Rbd8 33.Qb3 h5 34.gxh5 Bxh5 35.Qc2 Bf7 36.Rxh8 Rxh8
37.Qxe4 Qxe4 38.Bxe4 Bxc4 39.a3 Kf8 40.Re1 Ke7 41.Bf3 d5 42.Be2 Bxe2 43.Kxe2 Kd6
44.Kf3 c5 45.Rb1 Kc6 46.a4 Rb8 47.e4 dxe4+ 48.Kxe4 cxd4 49.cxd4 b5 50.d5+ Kc5
51.Rc1+ Kd6 52.Rc6+ Ke7 53.axb5 Rxb5 54.Kd4 Rb2 55.Re6+ Kf7 56.g4 a4 57.d6 Rb7
58.Re1 a3 59.Ra1 Ra7 60.Kc5 a2 61.Kb6 Ra4 62.Kc7 Rc4+ 63.Kd8 Ra4 64.Kc7 Rc4+
65.Kd8 Rc2 66.Kd7 Rd2 67.Re1 Re2 68.Ra1 Rb2 69.Kd8 Rc2 70.Rh1 Rh2 71.Rc1 Rc2  1/2-1/2

[Event "Villa Gesell"]
[Site "Villa Gesell"]
[Date "1996.??.??"]
[Round "5"]
[White "Slipak, Sergio"]
[Black "Zarnicki, Pablo"]
[Result "1-0"]
[WhiteElo "2535"]
[BlackElo "2545"]

1.d4 Nf6 2.Nf3 e6 3.c4 b6 4.Nc3 Bb4 5.Qb3 c5 6.Bg5 Bb7 7.e3 O-O 8.Rd1 cxd4
9.exd4 Bxf3 10.gxf3 Nc6 11.Be2 Be7 12.Rg1 Qc7 13.Rg2 Nh5 14.Nb5 Qb8 15.d5 exd5
16.cxd5 Na5 17.Qe3 Bb4+ 18.Kf1 f6 19.Bh6 Bc5 20.Qe4 Re8 21.Qg4 Qe5 22.Bd3 Re7
23.f4 Qxb2 24.Qxh5 Kh8 25.d6 g6 26.Qd5 Ree8 27.Nc7 Bb4 28.Qf7  1-0

[Event "JUG-chT"]
[Site "Vrnjacka Banja"]
[Date "1996.??.??"]
[Round "?"]
[White "Nestorovic, Dejan"]
[Black "Popov, Sinisa"]
[Result "1/2-1/2"]
[WhiteElo "2310"]
[BlackElo "2340"]

1.d4 Nf6 2.c4 e6 3.Nf3 b6 4.Nc3 Bb7 5.Bf4 Bb4 6.Qb3 Bxc3+ 7.Qxc3 Ne4 8.Qc2 O-O
9.e3 d6 10.Bd3 f5 11.h4 Nd7 12.O-O-O Qe7 13.Ng5 e5 14.Bxe4 fxe4 15.Bg3 exd4
16.exd4 h6 17.Nh3 Qf7 18.Nf4 b5  1/2-1/2

[Event "Winterthur"]
[Site "Winterthur"]
[Date "1996.??.??"]
[Round "2"]
[White "Huss, Andreas"]
[Black "King, Daniel J"]
[Result "0-1"]
[WhiteElo "2365"]
[BlackElo "2535"]

1.d4 Nf6 2.Nf3 e6 3.c4 b6 4.Nc3 Bb7 5.a3 d5 6.Bg5 Be7 7.Bxf6 Bxf6 8.cxd5 exd5
9.e3 O-O 10.Be2 c5 11.Rc1 Nc6 12.O-O cxd4 13.exd4 Rc8 14.b4 Re8 15.Bb5 Re6
16.Ba4 a5 17.b5 Ne7 18.Qd3 Qd6 19.Ne2 Ng6 20.Rxc8+ Bxc8 21.Rc1 Bd7 22.Bc2 Re8
23.Bb1 a4 24.h4 Bg4 25.Rc6 Qe7 26.Ne5 Bxe5 27.dxe5 Qxh4 28.Rxb6 Rxe5 29.Rb8+ Nf8
30.g3 Qh5 31.Qc3 Bf3 32.Bxh7+ Kxh7  0-1

[Event "Yerevan ol (Men)"]
[Site "Yerevan"]
[Date "1996.??.??"]
[Round "2"]
[White "Kozul, Zdenko"]
[Black "Romanishin, Oleg M"]
[Result "1/2-1/2"]
[WhiteElo "2605"]
[BlackElo "2555"]

1.d4 Nf6 2.c4 e6 3.Nf3 b6 4.Nc3 Bb7 5.a3 g6 6.Qc2 Bxf3 7.exf3 Bg7 8.g4 O-O
9.Be3 d5 10.g5 Ne8 11.cxd5 exd5 12.f4 Nc6 13.Ne2 Ne7 14.Ng3 c5 15.dxc5 d4
16.Bd2 Rc8 17.Bh3 d3 18.Qb3 Rxc5 19.Bb4 Qd5 20.Qxd5 Nxd5 21.Bxc5 bxc5 22.Rc1 Nxf4
23.Bg4 Nd6 24.Rxc5 Bxb2 25.Kd2 Bxa3 26.Rc6 Rd8 27.Ra1 Bb4+ 28.Ke3 Ng2+ 29.Kxd3 Nf5+
30.Kc4 Rd4+ 31.Kb3 Rxg4 32.Nxf5 gxf5 33.Rxa7 Bf8 34.Rf6 Rxg5 35.Raxf7 Bg7
36.Rxf5 Rxf5 37.Rxf5 Nh4 38.Rh5 Ng6 39.Kc2 Be5  1/2-1/2

[Event "Yerevan ol (Men)"]
[Site "Yerevan"]
[Date "1996.??.??"]
[Round "2"]
[White "Anastasian, Ashot"]
[Black "Grosar, Aljosa"]
[Result "0-1"]
[WhiteElo "2550"]
[BlackElo "2485"]

1.d4 Nf6 2.c4 e6 3.Nf3 b6 4.Nc3 Bb4 5.Qc2 Bb7 6.Bg5 h6 7.Bh4 g5 8.Bg3 Ne4
9.e3 d6 10.Bd3 Bxc3+ 11.bxc3 f5 12.h4 Qf6 13.O-O-O Nd7 14.hxg5 hxg5 15.Rxh8+ Qxh8
16.d5 exd5 17.cxd5 Nxc3 18.Bxf5 Nxd1 19.Bxd7+ Kxd7 20.Qf5+ Kd8 21.Nxg5 Qa1+
22.Kd2 Qxa2+ 23.Ke1 Bxd5 24.Kxd1 Bb3+ 25.Kc1 Qa1+ 26.Kd2 Qb2+  0-1

[Event "Yerevan ol (Men)"]
[Site "Yerevan"]
[Date "1996.??.??"]
[Round "3"]
[White "Yrjola, Jouni"]
[Black "Pineda, Boris"]
[Result "0-1"]
[WhiteElo "2435"]
[BlackElo "2230"]

1.d4 Nf6 2.Nf3 e6 3.c4 b6 4.Nc3 Bb7 5.a3 Be7 6.d5 d6 7.Nd4 c5 8.Nc2 exd5
9.cxd5 O-O 10.e4 Re8 11.Ne3 Bf8 12.Bd3 a6 13.a4 Nbd7 14.O-O Ne5 15.Bc2 Bc8
16.f4 Ng6 17.g4 Rb8 18.g5 Nd7 19.Ne2 f6 20.f5 Nge5 21.g6 hxg6 22.Nf4 g5 23.Ng6 Nf7
24.Ng4 c4 25.Ra3 Nc5 26.Nf2 b5 27.h4 b4 28.Rh3 c3 29.b3 Nh6 30.hxg5 fxg5
31.Qh5 Rb7 32.Bxg5 Qb6 33.Kh1 Rf7 34.Bxh6 gxh6 35.Ng4 Nxe4 36.Nxh6+ Bxh6
37.Qxh6 Qd4 38.f6 Nf2+ 39.Rxf2 Re1+ 40.Kg2 Bxh3+ 41.Qxh3 Qxd5+ 42.Rf3 Qd2+
43.Rf2 Qg5+ 44.Qg3 Rg1+ 45.Kxg1 Qxg3+ 46.Kf1 Qg5 47.Ne7+ Kf8 48.Nf5 Rxf6
49.Bd3 d5 50.Bc2 Ke8 51.Bd3 Kd7  0-1

[Event "Yerevan ol (Men)"]
[Site "Yerevan"]
[Date "1996.??.??"]
[Round "6"]
[White "Kozul, Zdenko"]
[Black "Dautov, Rustem"]
[Result "1/2-1/2"]
[WhiteElo "2605"]
[BlackElo "2615"]

1.d4 Nf6 2.c4 e6 3.Nf3 b6 4.Nc3 Bb7 5.a3 d5 6.cxd5 Nxd5 7.e3 g6 8.Bb5+ c6
9.Nxd5 exd5 10.Bd3 Bg7 11.e4 dxe4 12.Bxe4 O-O 13.O-O Nd7 14.Bg5 Qc7 15.Qd2 Rfe8
16.Rfe1 Nf6 17.Bxf6 Bxf6 18.Rac1 Rad8 19.b4 Qd7 20.Qc2 Re6 21.Ne5 Bxe5 22.dxe5 Rxe5
23.Red1 Qe7 24.Rxd8+ Qxd8 25.Bxc6 Bxc6 26.Qxc6 Qd2  1/2-1/2

[Event "Yerevan op"]
[Site "Yerevan"]
[Date "1996.??.??"]
[Round "8"]
[White "Kalantarian, Norik"]
[Black "Tukmakov, Vladimir B"]
[Result "1/2-1/2"]
[WhiteElo "2480"]
[BlackElo "2595"]

1.d4 Nf6 2.c4 e6 3.Nf3 b6 4.Nc3 Bb4 5.Bg5 Bb7 6.e3 h6 7.Bh4 Bxc3+ 8.bxc3 d6
9.Nd2 g5 10.Bg3 Qe7 11.a4 a5 12.h4 Rg8 13.hxg5 hxg5 14.Qb3 Nc6 15.e4 O-O-O
16.f3 Rh8 17.Rxh8 Rxh8 18.Bf2 Nd7 19.Qa3 g4 20.f4 f5 21.Bd3 Rh1+ 22.Ke2 Rxa1
23.Qxa1 fxe4 24.Nxe4 d5 25.Nd2 dxc4 26.Nxc4 Qf8 27.g3 e5 28.Qa3 Qxa3 29.Nxa3 exd4
30.cxd4 Nf6 31.Nc4 Ne7 32.Ne5 Bd5 33.Kd2 Bb3 34.Be2 Be6 35.Bd3 Bb3 36.Be2 Be6
37.Bd3 Bf5 38.Bc4 c6 39.Be1 Kc7 40.Kc1 Ned5 41.Be2 Nb4 42.Bxb4 axb4 43.Kb2 Ne4  1/2-1/2

[Event "Yerevan ol (Men)"]
[Site "Yerevan"]
[Date "1996.??.??"]
[Round "9"]
[White "Magai, Vladimir"]
[Black "Ruzele, Darius"]
[Result "1/2-1/2"]
[WhiteElo "2500"]
[BlackElo "2520"]

1.d4 Nf6 2.c4 e6 3.Nf3 b6 4.Nc3 Bb7 5.Bg5 Bb4 6.e3 h6 7.Bh4 Bxc3+ 8.bxc3 d6
9.Nd2 g5 10.Bg3 Qe7 11.h4 Rg8 12.hxg5 hxg5 13.Rh6 Kf8 14.Qa4 Kg7 15.Rh1 Nc6
16.O-O-O Rh8 17.Be2  1/2-1/2

[Event "Weihnachts op"]
[Site "Zuerich"]
[Date "1996.??.??"]
[Round "1"]
[White "Siegel, Georg"]
[Black "Dell'Agosti, Alain"]
[Result "1-0"]
[WhiteElo "2475"]
[BlackElo "2240"]

1.d4 e6 2.Nf3 Nf6 3.c4 b6 4.Nc3 Bb4 5.Qb3 a5 6.a3 Bxc3+ 7.Qxc3 Bb7 8.Bg5 d6
9.e3 Nbd7 10.Bd3 h6 11.Bh4 g5 12.Bg3 Ne4 13.Qc2 Ndf6 14.O-O-O Qe7 15.Kb1 Kf8
16.h4 g4 17.Ng1 Rd8 18.Bh2 Rg8 19.Bf4 h5 20.f3 gxf3 21.gxf3 Ng3 22.Rh2 e5
23.Bh6+ Ke8 24.e4 Nh7 25.Qf2 Rg6 26.Be3 Kd7 27.dxe5 dxe5 28.c5 Kc8 29.cxb6 Nxe4
30.fxe4 Rxd3 31.Rxd3 Bxe4 32.Qc2 Rd6 33.Rhd2 Qd7 34.b7+ Kb8 35.Ba7+ Kxa7
36.b8=Q+ Kxb8 37.Rb3+ Bb7 38.Rxd6 Qxd6 39.Qxh7 Qd1+ 40.Ka2 Ka7 41.Qxf7 Qxg1
42.Qxc7 Qg2  1-0

[Event "Hoogovens-B"]
[Site "Wijk aan Zee"]
[Date "1997.01.31"]
[Round "9"]
[White "Peng, Zhaoqin"]
[Black "Janssen, Ruud"]
[Result "1-0"]
[WhiteElo "2370"]
[BlackElo "2350"]

1.d4 Nf6 2.c4 e6 3.Nf3 b6 4.Nc3 Bb4 5.Qb3 c5 6.Bg5 h6 7.Bh4 Nc6 8.d5 Na5
9.Qc2 Nxc4 10.O-O-O Bxc3 11.Qxc3 Na5 12.e4 O-O 13.e5 Ne4 14.Qe3 g5 15.Qxe4 exd5
16.Rxd5  1-0

[Event "RUS-Cup4"]
[Site "Perm"]
[Date "1997.02.13"]
[Round "6"]
[White "Zakharevich, Igor"]
[Black "Prokopchuk, Evgeny"]
[Result "0-1"]
[WhiteElo "2505"]
[BlackElo "2440"]

1.d4 Nf6 2.c4 e6 3.Nf3 b6 4.Nc3 Bb4 5.Bg5 Bb7 6.e3 h6 7.Bh4 g5 8.Bg3 Ne4
9.Qc2 Bxc3+ 10.bxc3 Nxg3 11.fxg3 d6 12.Bd3 Nd7 13.O-O Qe7 14.a4 a5 15.Be4 Bxe4
16.Qxe4 O-O 17.Nd2 f5 18.Qd3 Nf6 19.e4 fxe4 20.Nxe4 Kg7 21.h4 Nh7 22.h5 Rxf1+
23.Rxf1 Rf8 24.Rxf8 Nxf8 25.g4 Qe8 26.Qf3 Nh7 27.d5 exd5 28.cxd5 Qxa4 29.Ng3 Nf6
30.Nf5+ Kh7 31.Nd4 Kg7 32.Qf5 Qe8 33.Ne6+ Kf7 34.c4 a4 35.Qf3 c6 36.Qd3 cxd5
37.cxd5 a3  0-1

[Event "Enghien Les Bains"]
[Site "Enghien Les Bains"]
[Date "1997.03.16"]
[Round "3"]
[White "Spraggett, Kevin"]
[Black "Chabanon, Jean Luc"]
[Result "1-0"]
[WhiteElo "2580"]
[BlackElo "2435"]

1.Nf3 Nf6 2.c4 e6 3.Nc3 b6 4.d4 Bb4 5.Qc2 Bb7 6.a3 Bxc3+ 7.Qxc3 Ne4 8.Qc2 f5
9.g3 Qf6 10.Bg2 Nc6 11.Be3 Ne7 12.O-O O-O 13.Ne5 Rfd8 14.f3 Nd6 15.Bf2 Nf7
16.Nxf7 Qxf7 17.e4 fxe4 18.fxe4 Qg6 19.Rac1 Rf8 20.d5 Rf7 21.Qa4 exd5 22.cxd5 c6
23.Be3 b5 24.Qb3 Raf8 25.Rxf7 Rxf7 26.Bxa7 h5 27.dxc6 Bxc6 28.Rf1 d5 29.Rxf7 Qxf7
30.exd5 Nxd5 31.Bf2 h4 32.a4 hxg3 33.hxg3 bxa4 34.Qb8+ Qf8 35.Qe5 Qa8 36.Bd4 Qb7
37.Qe6+ Kh8 38.Be4 Qc7 39.Qh6+ Kg8 40.Qe6+ Kh8 41.Qh3+ Kg8 42.Qh7+  1-0

[Event "Najdorf"]
[Site "Buenos Aires"]
[Date "1997.05.21"]
[Round "3"]
[White "Adianto, Utut"]
[Black "Panno, Oscar"]
[Result "1-0"]
[WhiteElo "2615"]
[BlackElo "2465"]

1.d4 Nf6 2.c4 e6 3.Nf3 b6 4.Nc3 Bb4 5.Bg5 Bxc3+ 6.bxc3 Bb7 7.e3 d6 8.Bd3 Nbd7
9.O-O h6 10.Bh4 g5 11.Bg3 Ne4 12.Nd2 Ndf6 13.c5 O-O 14.f4 Nxd2 15.Qxd2 Ne4
16.Qe2 f5 17.cxd6 cxd6 18.c4 g4 19.d5 exd5 20.Bxe4 dxe4 21.Rfd1 Rc8 22.Rd4 Ba6
23.Rad1 Rxc4 24.Rd5 Qc8 25.Qb2 Rc2 26.Qa3 Bd3 27.Be1 Bc4 28.Rxd6 Rxa2 29.Rg6+ Kh7
30.Qd6  1-0